Le 11 type de la CDM 2018 selon Foot Mercato - Statistiques

Statistiques générales
  • Ce quiz a été pris 1 592 fois
  • Le résultat moyen est 10 sur 11
Statistiques - réponses
Nationalité : Poste : Joueur : % Correct
Belgique G Courtois
99%
France AD Mbappé
99%
Croatie MC Modric
98%
France MC Pogba
96%
France MDC Kanté
95%
France DC Varane
95%
Belgique AG Hazard
93%
France DG Hernandez
93%
France BU Griezmann
92%
France DC Umtiti
91%
Belgique DD Meunier
71%
Aucun quiz correspondant
Distribution des résultats
% des personnes avec chaque résultat
Percentile par nombre de réponses
Votre historique - résultats
Vous n’avez pas pris ce quiz